00314nam a2200121Ia 4500008004100000040001200041082001400053100004100067245002900108250001100137260003600148300000800184200103s9999||||xx |||||||||||||| ||und|| aIMU-MPC aColumn-30 aPatel, R.C. and Karamchandani, C. J. 0aElements of Heat Engines aVol. 2 bAcharya Book Depot-Barodac1972 a623